000 01171nam a2200313 i 4500
001 000027347
003 DO-SdBNP
005 20250131131848.0
007 ta
008 110331e1980 dr a r 000 e spa d
040 _aDO-SdBNP
_bspa
_cBNPHU
_erda
082 4 _a363.123
_bS235e
_222
100 1 _aSantiago, Pedro J.,
_945327
_eautor
_4aut.
245 1 0 _aEstudios sobre comercio marítimo, naufragios y rescates submarinos en la República Dominicana /
_cPedro J. Santiago.
264 1 _aSanto Domingo :
_bMuseo de las Casas Reales,
_c1980.
300 _a128 páginas :
_bIlustraciones ;
_c20 cm.
336 _atexto
_btxt
_2rdacontent
337 _asin mediación
_bn
_2rdamedia
338 _avolumen
_bnc
_2rdacarrier
490 _aColección Monografías y ensayos
_v1
505 _aBibliografía : página 123
590 _aInventariado 2024 / MF
650 4 _aCompañías de navegación
_xHistoria
_yColonia 1503-1844
_954424
650 4 _aOperaciones de búsqueda y rescate
_954425
650 4 _aNaufragios
_xHistoria
_954426
650 4 _aContrabando
_zRepública Dominicana
_xHistoria
_911398
910 _aValidado. Control de calidad. EMS
942 _2ddc
_cLBS1
999 _c26839
_d26839